Čínská migrace v množném čísle

Čínske dejiny a pohyb obyvateľstva. Od krajanských dedín k migračným sieťam. Číňania v Európe. Špecifiká čínskej migrácie do postkomunistických krajín strednej a východnej Európy. Hlavné faktory migrácie obyvateľstva.

Na minha lista:
Detalhes bibliográficos
Autor principal: Moore, Markéta
Formato: Capítulo de Livro
Idioma:tcheco
Assuntos:
Tags: Adicionar Tag
Sem tags, seja o primeiro a adicionar uma tag!

MARC

LEADER 00000naa$a2200000$$$4500
001 0001674
005 20231004105917.2
041 0 |a cze 
044 |a CZ 
245 1 0 |a Čínská migrace v množném čísle  |c aut. Markéta Moore 
520 |a Čínske dejiny a pohyb obyvateľstva. Od krajanských dedín k migračným sieťam. Číňania v Európe. Špecifiká čínskej migrácie do postkomunistických krajín strednej a východnej Európy. Hlavné faktory migrácie obyvateľstva. 
610 2 0 |a migrácia 
610 2 0 |a Čína 
610 2 0 |a história 
610 2 0 |a pohyb síl pracovných medzinárodný 
610 2 0 |a Európa 
610 2 0 |a SVE 
100 1 |a Moore, Markéta